№ 7-8; Бурение и нефть

Библиографические подробности
Источник:Бурение и нефть: научно-практический журнал. № 7-8.— , 2002-
Язык:русский
Опубликовано: 2005
Формат: Книга
Запись в KOHA:https://koha.lib.tpu.ru/cgi-bin/koha/opac-detail.pl?biblionumber=398246

MARC

LEADER 00000nam2a2200000 4500
001 398246
005 20231101065024.0
035 |a (RuTPU)RU\TPU\prd\38151 
090 |a 398246 
100 |a 20050919a20029999k y0rusy50 ca 
101 0 |a rus 
102 |a RU 
200 0 |a № 7-8 
210 |d 2005 
461 1 |0 (RuTPU)RU\TPU\prd\6484  |t Бурение и нефть  |o научно-практический журнал  |v № 7-8  |d 2002- 
801 0 |a RU  |b 63413507  |c 20010227  |g PSBO 
801 1 |a RU  |b 63413507  |c 20050919  |g PSBO 
801 2 |a RU  |b 63413507  |c 20160523  |g RCR 
942 |c BK 
999 |a НТБ_ТПУ  |b НФ  |e -1/20050104  |p П-9283  |s 2/20050405  |u 0,00  |v 1  |y 13821000816752